LIBRARY & INFORMATION CENTRE, KCAET, TAVANUR

ONLINE PUBLIC ACCESS CATALOGUE (OPAC)

Elements of Food Science (Record no. 14391)

MARC details
000 -LEADER
fixed length control field 00287nam a22001217a 4500
020 ## - INTERNATIONAL STANDARD BOOK NUMBER
ISBN 9799381450246
082 ## - DEWEY DECIMAL CLASSIFICATION NUMBER
Classification number 660
Item number SHA/EL
100 ## - MAIN ENTRY--AUTHOR NAME
Personal name Shafia, Jan
245 ## - TITLE STATEMENT
Title Elements of Food Science
260 ## - PUBLICATION, DISTRIBUTION, ETC. (IMPRINT)
Place of publication New delhi
Name of publisher New India Publishing Agency
Year of publication 2013
300 ## - PHYSICAL DESCRIPTION
Number of Pages 224
942 ## - ADDED ENTRY ELEMENTS (KOHA)
Koha item type Books
Holdings
Withdrawn status Lost status Damaged status Collection code Home library Current library Shelving location Date acquired Source of acquisition Cost, normal purchase price Full call number Accession Number Koha item type
        KAUAET KAUAET General Stacks 27/06/2016 Universal Research Books, Thrissur 600.00 660 SHA/EL 23928 Books
free website counter